LEADER 01008nam0-22003251i-450- 001 990002036260403321 005 20070220131648.0 035 $a000203626 035 $aFED01000203626 035 $a(Aleph)000203626FED01 035 $a000203626 100 $a20030910d1981----km-y0itay50------ba 101 0 $aita 102 $aIT 200 1 $a1: Diptera, Chironomidae$egeneralita, Diamesinae, Prodiamesinae$fUberto Ferrarese, Bruno Rossaro 210 $aRoma$cCNR$d1981 215 $a96 p.$d21 cm 225 1 $aGuide per il riconoscimento delle specie animali delle acque interne italiane$v12 610 0 $aDitteri$aChironomidi 676 $a595.771 700 1$aFerrarese,$bUberto$078516 701 1$aRossaro,$bBruno$070210 712 02$aConsiglio nazionale delle ricerche 801 0$aIT$bUNINA$gRICA$2UNIMARC 901 $aBK 912 $a990002036260403321 952 $a61 V C.4/012.12$b5875 (16/10/96)$fDAGEN 959 $aDAGEN 996 $a1: Diptera, Chironomidae$9407463 997 $aUNINA LEADER 02284oas 2200901 a 450 001 9910146354103321 005 20250919110248.0 011 $a1432-2064 035 $a(OCoLC)39972864 035 $a(CONSER) 00227311 035 $a(CKB)954925488797 035 $a(DE-599)1462994-X 035 $a(EXLCZ)99954925488797 100 $a19981001a19869999 sy a 101 0 $aeng 135 $aur||||||||||| 181 $ctxt$2rdacontent 182 $cc$2rdamedia 183 $acr$2rdacarrier 200 10$aProbability theory and related fields 210 1$aBerlin ;$aNew York :$cSpringer-Verlag,$dİ1986- 300 $aRefereed/Peer-reviewed 311 08$a0178-8051 517 1 $aProbability theory 517 1 $aProbab. Theory Relat. Fields 606 $aProbabilities$vPeriodicals 606 $aMathematical statistics$vPeriodicals 606 $aProbabilite?s$vPe?riodiques 606 $aStatistique$vPe?riodiques 606 $aStatistique mathe?matique$vPe?riodiques 606 $aProbability & Statistics$2ebps 606 $aMathematical statistics$2fast$3(OCoLC)fst01012127 606 $aProbabilities$2fast$3(OCoLC)fst01077737 608 $aPeriodicals.$2fast 615 0$aProbabilities 615 0$aMathematical statistics 615 6$aProbabilite?s 615 6$aStatistique 615 6$aStatistique mathe?matique 615 7$aProbability & Statistics. 615 7$aMathematical statistics. 615 7$aProbabilities. 676 $a519.2 801 0$bPIT 801 1$bPIT 801 2$bEYM 801 2$bOCLCQ 801 2$bMUQ 801 2$bOCL 801 2$bOCLCQ 801 2$bUKMGB 801 2$bOCLCQ 801 2$bOCLCO 801 2$bOCLCQ 801 2$bTXA 801 2$bOCLCF 801 2$bOCLCO 801 2$bOCLCQ 801 2$bWT2 801 2$bOCLCQ 801 2$bAU@ 801 2$bDLC 801 2$bU3W 801 2$bVT2 801 2$bOCLCQ 801 2$bSRU 801 2$bOCLCO 801 2$bOCLCQ 801 2$bOCLCL 801 2$bUAB 801 2$bLIP 801 2$bFIE 801 2$bS2H 801 2$bOCLCQ 906 $aJOURNAL 912 $a9910146354103321 996 $aProbability theory and related fields$9263054 997 $aUNINA